00976nam a2200265 i 4500001000700000003000900007005001700016007000300033008004100036080001500077100002500092245003400117250003000151260005600181300006300237490005600300500001500356504003200371546002400403651004200427830006400469852003500533999001900568952012300587177281ES-MaACL20230906220308.0t|110314s1970 fr abdf ||||1| fre d a911.3(520)1 aDerruau, Max.94380013aLe Japon / cpar Max Derruau. a[2e éd. mise à jour]. aParis : bPresses Universitaires de France, c1970. a278, [8] p. de lám. bl. y n. : bil. bl. y n. ; c19 cm.1 aMagellan. La Géographie et ses problèmes ; v26 aÍndices. aBibliografía: p. 271-276. aTexto en francés. 4aJapón-xGeografía humana.91456160 aMagellan. La Géographie et ses problèmes ; v269182333 aES-MaACLjE-14680 xOlim P-507 c177281d177281 00104070aATENEOMbATENEOMcDEPO2d2011-03-14eDONl0oE-14680p1186198r2023-02-23 00:00:00w2023-02-23yMONOGRAFIA